000 00413nam a2200181Ia 4500
008 090123s9999 xx 000 0 und d
082 _b38454
100 _aJANE FEATHER
245 _aKISSED BY SHADOWS
250 _a0
260 _bBANTAM BOOKS
_c2003
300 _a469
600 _aJANE FEATHER
630 _aKISSED BY SHADOWS
700 _aJANE FEATHER
730 _aKISSED BY SHADOWS
942 _cBOOK
999 _c76524
_d76524